Building your marriage / (Record no. 2641)
[ view plain ]
| 000 -LEADER | |
|---|---|
| fixed length control field | 01268cam a2200325 a 4500 |
| 001 - CONTROL NUMBER | |
| control field | 12584421 |
| 003 - CONTROL NUMBER IDENTIFIER | |
| control field | GBCCL |
| 005 - DATE AND TIME OF LATEST TRANSACTION | |
| control field | 20241126110434.0 |
| 008 - FIXED-LENGTH DATA ELEMENTS--GENERAL INFORMATION | |
| fixed length control field | 011108s2000 coua e 000 0 eng d |
| 010 ## - | |
| -- | 2001278555 |
| 020 ## - INTERNATIONAL STANDARD BOOK NUMBER | |
| International Standard Book Number | 0830718125 |
| 035 ## - SYSTEM CONTROL NUMBER | |
| System control number | (OCoLC)ocm48577104 |
| 040 ## - CATALOGING SOURCE | |
| Original cataloging agency | DPL |
| Transcribing agency | DPL |
| Modifying agency | DLC |
| 042 ## - | |
| -- | lccopycat |
| 050 00 - | |
| -- | BV835 |
| -- | .R3453 2000 |
| 082 00 - DEWEY DECIMAL CLASSIFICATION NUMBER | |
| Classification number | 248.844 |
| Edition information | 21 |
| Item number | RAI |
| 100 1# - MAIN ENTRY--PERSONAL NAME | |
| Personal name | Rainey, Dennis, |
| Dates associated with a name | 1948- |
| 9 (RLIN) | 5478 |
| 245 10 - TITLE STATEMENT | |
| Title | Building your marriage / |
| Statement of responsibility, etc. | by Dennis Rainey. |
| 260 ## - PUBLICATION, DISTRIBUTION, ETC. | |
| Place of publication, distribution, etc. | Ventura : |
| Name of publisher, distributor, etc. | Gospel light, |
| Date of publication, distribution, etc. | c1996. |
| 300 ## - PHYSICAL DESCRIPTION | |
| Extent | 237 p. : |
| Other physical details | ill. ; |
| Dimensions | 22 cm. |
| 440 #0 - SERIES STATEMENT/ADDED ENTRY--TITLE | |
| Title | HomeBuilders couples series |
| 9 (RLIN) | 5576 |
| 500 ## - GENERAL NOTE | |
| General note | Spiral bound. |
| 520 ## - SUMMARY, ETC. | |
| Summary, etc. | "This 7-session small group study is designed to bring husbands and wives closer to each other, closer to God--and closer to the other couples. You will study God's Word, share in your challenges and successes, and build a marriage that will last"--Cover p. [4]. |
| 650 #0 - SUBJECT ADDED ENTRY--TOPICAL TERM | |
| Topical term or geographic name entry element | Marriage |
| General subdivision | Religious aspects |
| -- | Christianity. |
| 9 (RLIN) | 295 |
| 650 #0 - SUBJECT ADDED ENTRY--TOPICAL TERM | |
| Topical term or geographic name entry element | Marriage |
| Form subdivision | Handbooks, manuals, etc. |
| 9 (RLIN) | 5577 |
| 906 ## - LOCAL DATA ELEMENT F, LDF (RLIN) | |
| a | 7 |
| b | cbc |
| c | copycat |
| d | 3 |
| e | ncip |
| f | 20 |
| g | y-gencatlg |
| 942 ## - ADDED ENTRY ELEMENTS (KOHA) | |
| Source of classification or shelving scheme | Dewey Decimal Classification |
| Koha item type | Books |
| Koha issues (borrowed), all copies | 7 |
| Withdrawn status | Lost status | Source of classification or shelving scheme | Damaged status | Not for loan | Home library | Current Library | Shelving location | Date acquired | Total checkouts | Full call number | Barcode | Date last seen | Date last checked out | Copy number | Price effective from | Koha item type |
|---|---|---|---|---|---|---|---|---|---|---|---|---|---|---|---|---|
| Dewey Decimal Classification | GRACE BIBLE COLLEGE | GRACE BIBLE COLLEGE | Ministry & Mission | 2017-09-06 | 1 | 248.844 RAI | 006613 | 2025-05-01 | 2018-09-24 | c.4 | 2017-09-06 | Books | ||||
| Dewey Decimal Classification | GRACE BIBLE COLLEGE | GRACE BIBLE COLLEGE | Ministry & Mission | 2017-09-18 | 248.844 RAI | 006605 | 2025-05-01 | c.1 | 2017-09-18 | Books | ||||||
| Dewey Decimal Classification | GRACE BIBLE COLLEGE | GRACE BIBLE COLLEGE | Ministry & Mission | 2017-09-18 | 1 | 248.844 RAI | 006606 | 2025-05-01 | 2019-10-11 | c.2 | 2017-09-18 | Books | ||||
| Dewey Decimal Classification | GRACE BIBLE COLLEGE | GRACE BIBLE COLLEGE | Ministry & Mission | 2017-09-18 | 2 | 248.844 RAI | 006611 | 2025-05-01 | 2019-10-31 | c.3 | 2017-09-18 | Books | ||||
| Dewey Decimal Classification | GRACE BIBLE COLLEGE | GRACE BIBLE COLLEGE | Ministry & Mission | 2017-09-18 | 1 | 248.844 RAI | 006614 | 2025-05-01 | 2018-09-24 | c.5 | 2017-09-18 | Books | ||||
| Dewey Decimal Classification | GRACE BIBLE COLLEGE | GRACE BIBLE COLLEGE | Ministry & Mission | 2017-09-18 | 248.844 RAI | 006615 | 2025-05-01 | c.6 | 2017-09-18 | Books | ||||||
| Dewey Decimal Classification | GRACE BIBLE COLLEGE | GRACE BIBLE COLLEGE | Ministry & Mission | 2017-09-18 | 1 | 248.844 RAI | 006616 | 2025-05-01 | 2022-08-02 | c.7 | 2017-09-18 | Books | ||||
| Dewey Decimal Classification | GRACE BIBLE COLLEGE | GRACE BIBLE COLLEGE | Ministry & Mission | 2017-09-18 | 1 | 248.844 RAI | 006618 | 2025-05-01 | 2022-04-21 | c.8 | 2017-09-18 | Books |